000 00884nam a2200217 i 4500
001 146126
003 ES-MaACL
005 20230906201426.0
007 t|
008 070903m19541966sp ||||1| spa d
080 _a94(460.352 Andújar)
080 _a248.159(460.352 Andújar)(091)
100 1 _aTorres Laguna, Carlos de.
_9110974
245 1 0 _aHistoria de la ciudad de Andújar y de su Patrona la Virgen de la Cabeza de Sierra Morena /
_cpor Carlos Torres Laguna.
260 _aAndújar :
_b[s.n.],
_c1954 (
_fTall. Gráf. La Puritana)
300 _a4 v. ;
_c21 cm.
505 8 _aContiene: v. 1. Iliturgia. -- v. 2. Andújar cristiana. -- v. 3. La Morenita y su santuario. -- v. 4. Leyenda y tradiciones iliturgitanas.
650 1 4 _aVirgen de la Cabeza-
_xCulto-
_zAndújar-
_yHistoria.
_917824
651 4 _aAndújar-
_xHistoria.
_97780
852 _aES-MaACL
_jP-1207
_bR.41031
999 _c146126
_d146126